Колориметрическое определение фосфора в олове; Методы анализа веществ высокой чистоты

書誌詳細
Parent link:Методы анализа веществ высокой чистоты.— 1965.— С. 349-352
第一著者: Лельчук Ю. Л. Юрий Львович (Юдель Лейбович)
その他の著者: Соколович В. Б., Деткова Г. А.
言語:ロシア語
出版事項: 1965
主題:
フォーマット: 図書の章
KOHA link:https://koha.lib.tpu.ru/cgi-bin/koha/opac-detail.pl?biblionumber=175345

MARC

LEADER 00000naa2a2200000 4500
001 175345
005 20231031165034.0
035 |a (RuTPU)RU\TPU\book\190128 
035 |a RU\TPU\tpu\1531 
090 |a 175345 
100 |a 20100211d1965 k y0rusy50 ca 
101 0 |a rus 
102 |a RU 
200 1 |a Колориметрическое определение фосфора в олове  |f Ю. Л. Лельчук, В. Б. Соколович, Г. А. Деткова 
463 0 |0 (RuTPU)RU\TPU\book\114987  |t Методы анализа веществ высокой чистоты  |f Институт геохимии и аналитической химии; под ред. И. П. Алимарина  |v С. 349-352  |d 1965  |p 528 с. 
610 1 |a химические науки 
610 1 |a труды учёных ТПУ 
700 1 |a Лельчук  |b Ю. Л.  |c российский химик  |c зав. кафедрой аналитической химии ТПУ  |f 1910-2000  |g Юрий Львович (Юдель Лейбович)  |2 stltpush  |3 (RuTPU)RU\TPU\pers\23642 
701 1 |a Соколович  |b В. Б. 
701 1 |a Деткова  |b Г. А. 
801 0 |a RU  |b 63413507  |c 20011210  |g PSBO 
801 2 |a RU  |b 63413507  |c 20141121  |g PSBO 
942 |c BK